000 00528cam a22001577a 4500
020 _a9251052573 (pbk.)
040 _cGUA
082 _a363 ROM 2005 C106 Or.
245 0 0 _aProtecting and promoting good nutrition in crisis and recovery :
_bresource guide.
260 _aRome :
_bFood and Agriculture Organization of the United Nations,
_c2005.
300 _axii, 162 p. :
_bill. ;
_c30 cm.
650 0 _aNutrition
650 0 _aFood supply
710 2 _aFood and Agriculture Organization of the United Nations.
942 _cAEDBB
999 _c20849
_d20849